Statistics for Asian Countries by Largest Non-Capital City

Click here to take the quiz!

General Stats

  • This quiz has been taken 179 times
  • The average score is 25 of 47

Answer Stats

Largest City Country % Correct
DubaiUnited Arab Emirates
99%
IstanbulTurkey
98%
Ho Chi Minh CityVietnam
97%
MumbaiIndia
96%
ShanghaiChina
96%
ColomboSri Lanka
94%
Tel AvivIsrael
93%
KarachiPakistan
92%
YokohamaJapan
91%
BusanSouth Korea
86%
TürkmenabatTurkmenistan
85%
JeddahSaudi Arabia
84%
AleppoSyria
84%
AlmatyKazakhstan
83%
YangonBurma
78%
AdenYemen
72%
ChittagongBangladesh
71%
Quezon CityPhilippines
70%
BasraIraq
68%
KandaharAfghanistan
68%
SurabayaIndonesia
59%
TripoliLebanon
54%
KaohsiungTaiwan
49%
Al JahraKuwait
49%
MashhadIran
48%
LimassolCyprus
43%
Al KhorQatar
42%
Kuala BelaitBrunei
41%
Johor BahruMalaysia
38%
Hat YaiThailand
36%
BattambangCambodia
33%
HamhungNorth Korea
32%
OshKyrgyzstan
29%
ZarqaJordan
28%
SalalahOman
28%
PokharaNepal
27%
KutaisiGeorgia
23%
PakxeLaos
21%
Addu CityMaldives
21%
GanjaAzerbaijan
20%
GyumriArmenia
20%
PhuntsholingBhutan
18%
KhujandTajikistan
18%
ErdenetMongolia
17%
NamanganUzbekistan
16%
RiffaBahrain
16%
DareEast Timor
16%

Score Distribution

Percentile by Number Answered

Percent of People with Each Score

Your Score History

You have not taken this quiz